000 00300nam a22001337a 4500
008 171009b xxu||||| |||| 00| 0 eng d
020 _a9780138418830
041 _aeng
080 _22ND
_a159.9
100 _a49
101 _aPSI
245 _aDELINQUENCY AND JUSTICE
_cBARTOL.C.R
942 _2udc
_cBK
999 _c32471
_d32471